| 000 | 01574nam0a2200313 i 4500 | ||
|---|---|---|---|
| 001 | RU\NLR\bibl\2027008 | ||
| 005 | 20260408191625.0 | ||
| 010 |
_a9785905783029 _9200 |
||
| 021 |
_aRU _b2013-26596 _91837 |
||
| 035 | _a(NLR Aleph) 002015001 | ||
| 090 |
_a4477130 _c4477130 |
||
| 100 | _a20131026d2011 k||y0rusy50 ca | ||
| 101 | 0 | _arus | |
| 102 | _aRU | ||
| 105 | _ay ||||||||| | ||
| 200 | 1 |
_aСовременные возможности и перспективы развития туризма в Подмосковье _eМежрегиональная научно-практическая конференция, Московская область, г.о. Химки, 24 ноября 2011 г. _eдоклады и материалы |
|
| 210 |
_aХимки _cРМАТ _d2011 |
||
| 215 |
_a253 с. _d21 |
||
| 300 | _aВ надзаг.: Ком. по физ. культуре, спорту, туризму и работе с молодежью Моск. обл., Рос. междунар. акад. туризма | ||
| 320 | _aБиблиогр. в конце ст. | ||
| 606 |
_aТуризм _jСъезды, совещания и т.п _yМосковская область _92113698 _3RU\NLR\AUTH\661277142 |
||
| 686 | 1 | _aЧ518.14(2Р-4Мо)я431 | |
| 712 | 0 | 2 |
_4570 _aРоссийская международная академия туризма _9519186 _3RU\NLR\AUTH\8810010761 |
| 801 | 0 |
_aRU _bNLR _c20130422 _gRCR |
|
| 801 | 1 |
_aRU _bNLR _c20130422 |
|
| 942 | _cBOOK | ||
| 980 | _aNBR | ||